<?xml version="1.0" encoding="UTF-8"?>
<record
    xmlns:xsi="http://www.w3.org/2001/XMLSchema-instance"
    xsi:schemaLocation="http://www.loc.gov/MARC21/slim http://www.loc.gov/standards/marcxml/schema/MARC21slim.xsd"
    xmlns="http://www.loc.gov/MARC21/slim">

  <leader>02401nam a2200265Ia 4500</leader>
  <controlfield tag="008">120626s2004    mx            000 0 spa d</controlfield>
  <datafield tag="020" ind1=" " ind2=" ">
    <subfield code="a">9681852176</subfield>
  </datafield>
  <datafield tag="050" ind1=" " ind2=" ">
    <subfield code="a">QD251.2 </subfield>
    <subfield code="b">S6518 2004</subfield>
  </datafield>
  <datafield tag="100" ind1=" " ind2=" ">
    <subfield code="a">Solomons Graham T. W.</subfield>
    <subfield code="e">autor</subfield>
    <subfield code="9">43032</subfield>
  </datafield>
  <datafield tag="240" ind1="1" ind2="0">
    <subfield code="a">Organic chemistry. </subfield>
    <subfield code="l">Espa&#xF1;ol </subfield>
  </datafield>
  <datafield tag="245" ind1=" " ind2=" ">
    <subfield code="a">Quimica org&#xE1;nica </subfield>
    <subfield code="c">/ Graham T. W. Solomons, traductor Mar&#xED;a Cristina Sangin&#xE9;s Franchini</subfield>
  </datafield>
  <datafield tag="250" ind1=" " ind2=" ">
    <subfield code="a">2a. ed.</subfield>
  </datafield>
  <datafield tag="260" ind1=" " ind2=" ">
    <subfield code="a">M&#xE9;xico</subfield>
    <subfield code="b">: Limusa Wiley</subfield>
    <subfield code="c">2004</subfield>
  </datafield>
  <datafield tag="300" ind1=" " ind2=" ">
    <subfield code="a">149 p&#xE1;ginas</subfield>
    <subfield code="b">: ilustraciones</subfield>
  </datafield>
  <datafield tag="336" ind1=" " ind2=" ">
    <subfield code="a">texto</subfield>
  </datafield>
  <datafield tag="337" ind1=" " ind2=" ">
    <subfield code="a">sin medio</subfield>
  </datafield>
  <datafield tag="338" ind1=" " ind2=" ">
    <subfield code="a">volumen</subfield>
  </datafield>
  <datafield tag="500" ind1=" " ind2=" ">
    <subfield code="a">Traduccion de: Organic chemistry </subfield>
  </datafield>
  <datafield tag="505" ind1=" " ind2=" ">
    <subfield code="a">Contenido: 
1. Compuestos de carbono y enlaces qu&#xED;micos --- 2. Compuestos de carbono representativos ---3. &#xC1;cidos y bases en qu&#xED;mica org&#xE1;nica --- 4. Alcanos y cicloalcanos: conformaciones de las mol&#xE9;culas --- 5. Estereoqu&#xED;mica: Mol&#xE9;culas quirales --- 6. relaciones i&#xF3;nicas: Relaciones de sustituci&#xF3;n nucle&#xF3;fila y relaciones de eliminaci&#xF3;n de los haluros de alquilo --- 7. Reacciones por radicales--- 8. Alquenos y alquinos 1 Propiedades y s&#xED;ntesis --- 9. Alquenos y alquinos 2 reacciones de adici&#xF3;n --- 10. Alcoholes y &#xE9;teres --- 11. Alcoholes a partir de compuestos de carbonilo. Oxidaci&#xF3;n - reducci&#xF3;n y compuestos organomet&#xE1;licos --- 12. sistemas conjugados insaturados --- 13. Compuestos arom&#xE1;ticos --- 14. M&#xE9;todos espectrosc&#xF3;picos para la determinaci&#xF3;n de estructuras --- 15. Sutituci&#xF3;n arom&#xE1;tica elctr&#xF3;fila --- 16. Aldeh&#xED;dos y cetonas 1. adiciones nucle&#xF3;filas al grupo carbonilo --- 17. Aldeh&#xED;dos y cetonas 2. Reacciones ald&#xF3;licas ---18. Los &#xE1;cidos carbox&#xED;licos y sus derivados. la sustituci&#xF3;n nucle&#xF3;fila en el carbono ac&#xED;lico --- 19. Aminas --- 20. S&#xED;ntesis y reacciones de los compuestos de &#x3B2;-Dicarbonilo. Otros aspectos del comportamiento qu&#xED;mico de los iones enolato --- 21. Fenoles y haluros de arilo. Sustituci&#xF3;n necle&#xF3;fila arom&#xE1;tica --- 22.Carbohidratos --- 23. L&#xED;pidos --- 24. Amino&#xE1;cidos y prote&#xED;nas --- 25. &#xC1;cidos nucleicos y s&#xED;ntesis de las prote&#xED;nas. --- Bibliograf&#xED;a --- &#xCD;ndice.</subfield>
  </datafield>
  <datafield tag="519" ind1=" " ind2=" ">
    <subfield code="a">Plan Flexible / </subfield>
    <subfield code="b">Bachillerato en Dise&#xF1;o gr&#xE1;fico / </subfield>
    <subfield code="c">Tronco com&#xFA;n /</subfield>
    <subfield code="d">(11 005912)</subfield>
  </datafield>
  <datafield tag="519" ind1=" " ind2=" ">
    <subfield code="a">Plan Flexible /</subfield>
    <subfield code="b">Bachillerato en puericultura / </subfield>
    <subfield code="c">Tronco com&#xFA;n /</subfield>
    <subfield code="d">(11 005914)</subfield>
  </datafield>
  <datafield tag="650" ind1=" " ind2=" ">
    <subfield code="a">QU&#xCD;MICA ORG&#xC1;NICA</subfield>
    <subfield code="9">9362</subfield>
  </datafield>
  <datafield tag="700" ind1=" " ind2=" ">
    <subfield code="a">Sangin&#xE9;s Franchini, Cristina </subfield>
    <subfield code="e">traductor</subfield>
    <subfield code="9">43033</subfield>
  </datafield>
  <datafield tag="942" ind1=" " ind2=" ">
    <subfield code="c">LB</subfield>
    <subfield code="2">lcc</subfield>
  </datafield>
  <datafield tag="952" ind1=" " ind2=" ">
    <subfield code="0">0</subfield>
    <subfield code="1">0</subfield>
    <subfield code="2">lcc</subfield>
    <subfield code="4">0</subfield>
    <subfield code="7">0</subfield>
    <subfield code="a">01</subfield>
    <subfield code="b">01</subfield>
    <subfield code="d">2022-09-06</subfield>
    <subfield code="l">0</subfield>
    <subfield code="o">QD251.2  S6518 2004</subfield>
    <subfield code="p">16 001545</subfield>
    <subfield code="r">2023-07-12</subfield>
    <subfield code="t">1</subfield>
    <subfield code="w">2022-09-06</subfield>
    <subfield code="y">LB</subfield>
  </datafield>
  <datafield tag="952" ind1=" " ind2=" ">
    <subfield code="0">0</subfield>
    <subfield code="1">0</subfield>
    <subfield code="2">lcc</subfield>
    <subfield code="4">0</subfield>
    <subfield code="7">0</subfield>
    <subfield code="a">01</subfield>
    <subfield code="b">01</subfield>
    <subfield code="d">2022-09-06</subfield>
    <subfield code="l">0</subfield>
    <subfield code="o">QD251.2  S6518 2004</subfield>
    <subfield code="p">16 001546</subfield>
    <subfield code="r">2023-07-12</subfield>
    <subfield code="t">2</subfield>
    <subfield code="w">2022-09-06</subfield>
    <subfield code="y">LB</subfield>
  </datafield>
  <datafield tag="952" ind1=" " ind2=" ">
    <subfield code="0">0</subfield>
    <subfield code="1">0</subfield>
    <subfield code="2">lcc</subfield>
    <subfield code="4">0</subfield>
    <subfield code="7">0</subfield>
    <subfield code="a">01</subfield>
    <subfield code="b">01</subfield>
    <subfield code="d">2022-09-06</subfield>
    <subfield code="l">0</subfield>
    <subfield code="o">QD251.2  S6518 2004</subfield>
    <subfield code="p">16 001547</subfield>
    <subfield code="r">2023-07-12</subfield>
    <subfield code="t">3</subfield>
    <subfield code="w">2022-09-06</subfield>
    <subfield code="y">LB</subfield>
  </datafield>
  <datafield tag="952" ind1=" " ind2=" ">
    <subfield code="0">0</subfield>
    <subfield code="1">0</subfield>
    <subfield code="2">lcc</subfield>
    <subfield code="4">0</subfield>
    <subfield code="7">0</subfield>
    <subfield code="a">01</subfield>
    <subfield code="b">01</subfield>
    <subfield code="d">2022-09-06</subfield>
    <subfield code="l">0</subfield>
    <subfield code="o">QD251.2  S6518 2004</subfield>
    <subfield code="p">16 001548</subfield>
    <subfield code="r">2023-07-12</subfield>
    <subfield code="t">4</subfield>
    <subfield code="w">2022-09-06</subfield>
    <subfield code="y">LB</subfield>
  </datafield>
  <datafield tag="999" ind1=" " ind2=" ">
    <subfield code="c">71345</subfield>
    <subfield code="d">71345</subfield>
  </datafield>
</record>
